000
00322nam a22001451a 4500
999
_c
167778
_d
167778
082
_a
H2
_b
SUD/S
100
_a
Sudarshan
245
_a
Sikandar/
_c
by Sudarshan.
260
_a
New Delhi:
_b
Rajpal,
_c
1987.
300
_a
129p.
650
_a
Drama Hindi
650
_a
Literature Hindi
650
_a
Literature
942
_c
BK